000 00576nam a22002297a 4500
003 UA-OsUOA
001 64141
007 ta
008 20091102b un ||||| |||| 00| 0 ukr d
100 _aШтернфельд А.
090 _a53
_bШ90
942 _cBK
040 _aUA-OsUOA
_bukr
_cUA-OsUOA
_dUA-OsUOA
245 _aОт искусственных спутников к межпланетным полетам
300 _a125 с.
955 _a2
041 _aukr
080 _a53
260 _aМ.
_c1957
650 7 _a53 Фізика
_2UDC
999 _c350095
_d350095